Riconosci il Calciatore - Quiz n°1085 - Statistics

Statistiche generali
  • Questo quiz è stato fatto 5 volte
  • Il punteggio medio è 10 su 21
Statistiche sulle risposte
Indizio Risposta % Corretto
Nazionalità Brasile
100%
Ruolo Centrocampista
100%
Squadra di club 8 Adana Demirspor 2018-2019
80%
Squadra di club 7 Coritiba 2017-2017
80%
Squadra di club 4 Fiorentina 2014-2014
80%
Squadra di club 6 Internacional 2015-2017
80%
Squadra di club 3 Manchester United 2007-2014
80%
Squadra di club 5 Manchester United 2014-2015
80%
Data di nascita 13/04/1988
60%
Altezza 176 cm
40%
Squadra di club 1 Grêmio 2004-2006
40%
Squadra di club 2 Porto 2006-2007
40%
Gol in nazionale 0
20%
Gol nei club 29
20%
Peso 68 kg
20%
Presenze in nazionale 8
20%
Trofei per club Campionato portoghese: 2
Porto: 2005-2006, 2006-2007
Coppa del Portogallo: 1
Porto: 2005-2006
Supercoppa di Portogallo: 1
Porto: 2006
Campionato inglese: 4
Manchester United: 2007-2008, 2008-2009, 2010-2011, 2012-2013
Community Shield: 5
Manchester United: 2007, 2008, 2010, 2011, 2013
Coppa di Lega inglese: 2
Manchester United: 2008-2009, 2009-2010
UEFA Champions League: 1
Manchester United: 2007-2008
Coppa del mondo per club: 1
Manchester United: 2008
20%
Trofei individuali Pallone d'oro dei Mondiali Under-17: 1
2005
European Golden Boy: 1
2008
20%
Presenze nei club 371
0%
Calciatore Anderson
0%
Trofei per nazionali Coppa America: 1
Venezuela 2007
Bronzo olimpico: 1
Pechino 2008
0%
Nessun quiz corrispondente trovato
Distribuzione punteggi
Percentuale di utenti per punteggio
Percentile per numero di risposta
I tuoi punteggi nel tempo
Non hai fatto questo quiz